Handbook of hydraulics for the solution of hydraulic engineering problems. (Record no. 547997)
[ view plain ]
| 000 -LEADER | |
|---|---|
| fixed length control field | 00905cam a2200205 i 4500 |
| 020 ## - INTERNATIONAL STANDARD BOOK NUMBER | |
| International Standard Book Number | 0070072434 |
| 022 ## - INTERNATIONAL STANDARD SERIAL NUMBER | |
| International Standard Serial Number | 0070072434 |
| 082 00 - DEWEY DECIMAL CLASSIFICATION NUMBER | |
| Classification number | 627 |
| Author Mark | BRA |
| -- | L-26, P-23 |
| 100 1# - MAIN ENTRY--PERSONAL NAME | |
| Personal name | Brater, Ernest F. |
| 9 (RLIN) | 40689 |
| 245 10 - TITLE STATEMENT | |
| Title | Handbook of hydraulics for the solution of hydraulic engineering problems. |
| 250 ## - EDITION STATEMENT | |
| Edition statement | 7th ed. / |
| 260 ## - PUBLICATION, DISTRIBUTION, ETC. | |
| Place of publication, distribution, etc. | New York : |
| Name of publisher, distributor, etc. | McGraw-Hill, |
| Date of publication, distribution, etc. | c1996. |
| 300 ## - PHYSICAL DESCRIPTION | |
| Extent | [591] p. in various pagings : |
| Other physical details | ill. ; |
| Dimensions | 20 cm. |
| 500 ## - GENERAL NOTE | |
| General note | First-4th ed. (1918-54) by H. W. King (4th ed. rev. by E. F. Brater), published under title: Handbook of hydraulics for the solution of hydraulic problems; 5th ed. (1963) by H. W. King and E. F. Brater, published under title: Handbook of hydraulics for the solution of hydrostatic and fluid-flow problems. |
| 526 ## - STUDY PROGRAM INFORMATION NOTE | |
| Program name | 0 |
| Interest level | 0 |
| Reading level | 0 |
| Title point value | 627_000000000000000_BRA |
| 650 #0 - SUBJECT ADDED ENTRY--TOPICAL TERM | |
| Topical term or geographic name entry element | Hydraulics. |
| 650 #0 - SUBJECT ADDED ENTRY--TOPICAL TERM | |
| Topical term or geographic name entry element | MCE |
| 9 (RLIN) | 379 |
| 700 1# - ADDED ENTRY--PERSONAL NAME | |
| Personal name | King, Horace Williams, |
| 942 ## - ADDED ENTRY ELEMENTS (KOHA) | |
| Source of classification or shelving scheme | |
| Koha item type | Book |
| Withdrawn status | Lost status | Source of classification or shelving scheme | Damaged status | Not for loan | Permanent Location | Current Location | Date acquired | Total Checkouts | Full call number | Barcode | Date last seen | Price effective from | Koha item type |
|---|---|---|---|---|---|---|---|---|---|---|---|---|---|
| Military College of Engineering (MCE) | Military College of Engineering (MCE) | 08/13/2014 | 627 BRA | MCE-43872 | 08/13/2014 | 08/13/2014 | Book |
